000 00291nam a22001337a 4500
008 170330b xxu||||| |||| 00| 0 eng d
020 _a9780553344462
041 _aeng
080 _a616-053.2
100 _a8
101 _aSHM
245 _aTHE DIFFICULT CHILD
_cTURECKI.S
942 _2udc
_cBK
999 _c9064
_d9064